| 000 | 00637cam a2200193 a 4500 | ||
|---|---|---|---|
| 005 | 20250901165503.0 | ||
| 008 | 840202s1984 enka b 001 0 eng | ||
| 010 | _a 84003191 | ||
| 020 | _a052122893X | ||
| 020 | _a0521297044 (pbk.) | ||
| 050 | 0 | 0 |
_aPE 1106 .H77 1984 _b.H77 1984 |
| 082 | 0 | 0 |
_a425 _219 |
| 100 | 1 | _aHuddleston, Rodney D. | |
| 245 | 1 | 0 |
_aIntroduction to the grammar of English / _cRodney Huddleston. |
| 260 |
_aCambridge [Cambridgeshire] ; _aNew York : _bCambridge University Press, _c1984. |
||
| 300 |
_axv, 483 p. : _bill. ; _c24 cm. |
||
| 500 | _aIncludes index. | ||
| 942 |
_2lcc _hPE 1106 .H77 1984 |
||
| 999 |
_c4743 _d4743 |
||